00809nam a2200205Ia 4500003000400000005001700004008004100021020001500062040002100077041000800098082003500106100004100141245011000182260007700292300008300369500005100452650001400503650004700517700003900564OSt20210901111736.0210310s1982 sp ad gr 000 0 spa d a8474331897 aCO-JMCRcCO-JMCR0 aspa04a344.4606363502632 /bH667l2231 aHipólito Lancha, Fernando, eautor10aLegislación de viviendas de protección oficial / cFernando Hipolito Lancha, Luis Rodriguez Landrove  aMadrid, España : bMinisterio de Obras Públicas y Urbanismo, c1982. avi, 448 páginas : bilustraciones y gráficas en blanco y negro ; c21 cm. aÍndice cronológico y índice analítico.14aVivienda 14aRégimen de viviendaxLey y legislación1 aRodriguez Landrove, Luis, eautor